01748nam a2200457 i 450000100060000000300080000600500170001400600190003100700150005000800410006502000270010603500230013303500240015603500250018003500210020504000310022605000230025708000140028008000120029408200150030610000400032124501400036126400610050130000410056233600310060333700330063433800430066750000230071050400290073358801240076259001590088665000260104565000290107165000160110065000190111665500270113570000300116279700190119285600620121199900170127392045FlNmELB20241217172100.0m o d | cr cnu||||||||160608s2014 sp ob 001 0 spa d a9788416027385 (e-book) a(MiAaPQ)EBC4507776 a(Au-PeEL)EBL4507776 a(CaPaEBR)ebr11205245 a(OCoLC)984804547 aFINmELBbspaerdacFINmELB 4aQA276.6bG215 2014 a519.233.2 a519.2430 a519.522231 aGarcía Luengo, Amelía Victoria.10aEncuestas continuas :bestimación de parámetros en muestreo sucesivo /cAmelía Victoria García Luengo, Inmaculada Oña Casado. 1aAlmería :bEditorial Universidad de Almería,c[2014] a1 recurso en línea (150 páginas) atextobtxt2rdacontent/spa acomputadorabc2rdamedia/spa arecurso en líneabcr2rdacarrier/spa aContiene índice. aContiene bibliografía. aDescripción basada en recurso en línea; Título de la página del título en PDF (e-libro, visto June 08, 2016). aRecurso electronico. Santa Fe, Arg. : e-libro, 2016. Disponible via World Wide Web. El acceso puede ser limitado para las bibliotecas afiliadas a e-libro. 0aSampling (Statistics) 4aMuestreo (Estadística) 0aStatistics. 4aEstadística. 4aLibros electrónicos.1 aOña Casado, Inmaculada.2 ae-libro, Corp.40uhttps://elibro.net/ereader/politecnicointernacional/43323 c92045d92045